| 000 | 00890nam0a22002771 4500 | ||
|---|---|---|---|
| 001 | rc\4863169 | ||
| 005 | 20250612184334.0 | ||
| 021 |
_aRU _b[65-76204] |
||
| 035 | _a(NLR Aleph) 008786932 | ||
| 090 |
_a8016891 _c8016891 |
||
| 100 | _a20130426d1965 |||y0rusy50 ca | ||
| 101 | 0 | _arus | |
| 102 | _aRU | ||
| 105 | _aa z ||||| | ||
| 200 | 1 | _aКузнечно-штамповочные автоматы | |
| 210 |
_aМосква _cМашиностроение _d1965 |
||
| 215 |
_a424 с. _cил. _d22 |
||
| 320 | _aБиблиогр.: с. 420-422 (65 назв.) | ||
| 606 |
_aПрессы-автоматы _2psbo |
||
| 700 | 1 |
_7ca _8rus _aНавроцкий _bГ. А. _f1908-1993 _gГеоргий Александрович _9265754 _3RU\NLR\AUTH\770265810 |
|
| 801 | 0 |
_aRU _bNLR _gpsbo |
|
| 801 | 1 |
_aRU _bELAR _2rusmarc |
|
| 852 |
_aNLR _j65-5/4669 |
||
| 942 | _cBOOK | ||
| 980 | _aNB | ||